| 000 | 00525nam a2200181Ia 4500 | ||
|---|---|---|---|
| 999 |
_c14560 _d14560 |
||
| 003 | OSt | ||
| 005 | 20201110125551.0 | ||
| 008 | 190216s9999||||xx |||||||||||||| ||und|| | ||
| 020 | _a9788131760345 | ||
| 040 | _coclc | ||
| 082 |
_a421 _bBHA/E |
||
| 100 |
_aBhatnagar, Nitin _96392 |
||
| 245 | 0 |
_aEffective Communication And Soft Skills / _cNitin Bhatnagar |
|
| 260 |
_bPearson Education Asia, _c2011. _aNew delhi: |
||
| 300 | _a431p | ||
| 650 | _aEnglish | ||
| 942 |
_cBK _2ddc _h421 _iBHA/E _k421 _mBHA/E |
||